Szwajcarscy skoczkowie z podium w pś - Statystyki

Ogólne statystyki
  • Ten quiz został rozwiązany 59 razy
  • Średni wynik to 3 z 9
Statystyki odpowiedzi
Skoczek Podia % Poprawnych
Simon Ammann 80
100%
Andreas Kuettel 15
79%
Killian Peier 1
77%
Sylvain Freiholz 1
23%
Stefan Zuend 12
15%
Bruno Reuteler 2
8%
Hansjoerg Sumi 5
8%
Robert Moesching 1
4%
Gerard Balanche 1
2%
Nie znaleziono quizów pasujących do podanych kryteriów
Rozkład punktacji
Procent ludzi z każdym wynikiem
Percentyl według liczby udzielonych odpowiedzi
Twoja historia wyników
Nie rozwiązałeś tego quizu